000 00457nam a2200133 a 4500
001 000043367
005 20201002040842.0
008 140311s1942 ag 000 0 spa d
040 _aDO-SdBNP
_bspa
_cBNPHU
245 0 0 _aCinco Años en Buenos Aires 1820-1825 /
_cpor "Un Inglés". Prólogo de Alejo B. González Garaño.
260 _aArgentina :
_bEdiciones "Solar",
_c1942.
300 _aXVIII, 242 p. ;
_c20 cm.
700 1 2 _aGonzález Garaño, Alejo B.
_971029
999 _c42856
_d42856